[Event "FIDE World Cup 2019"]
[Site "Khanty-Mansiysk"]
[Date "2019.10.04"]
[Round "7.7"]
[White "Ding, Liren"]
[Black "Radjabov, Teimour"]
[Result "1/2-1/2"]
[WhiteElo "2811"]
[BlackElo "2758"]
[Annotator "ChessBase"]
[PlyCount "81"]
[EventDate "2019.09.07"]
[EventType "k.o."]
[EventCountry "RUS"]
[SourceTitle "playchess.com"]
[Source "ChessBase"]
[SourceQuality "1"]
[TimeControl "600+10"]

1. c4 {[%emt 0:00:00]} Nf6 {[%emt 0:00:00]} 2. Nc3 {[%emt 0:00:00]} e5 {[%emt 0:00:00]} 3. Nf3 {[%emt 0:00:00]} Nc6 {[%emt 0:00:00]} 4. g3 {[%emt 0:00:00]} d5 {[%emt 0:00:00]} 5. cxd5 {[%emt 0:00:00]} Nxd5 {[%emt 0:00:00]} 6. Bg2 {[%emt 0:00:00]} Bc5 {[%emt 0:00:00]} 7. O-O {[%emt 0:00:00]} O-O {[%emt 0:00:01]} 8. d3 {[%emt 0:00:00]} h6 {[%emt 0:00:01]} 9. Nxd5 {[%emt 0:00:00]} Qxd5 {[%emt 0:00:01]} 10. Nd2 {[%emt 0:00:00]} Qe6 {[%emt 0:00:02]} 11. b3 {[%emt 0:00:00]} Re8 {[%emt 0:00:04]} 12. Bb2 {[%emt 0:00:00]} Bd7 {[%emt 0:00:01]} 13. Rc1 {[%emt 0:00:05]} Bd4 {[%emt 0:00:20]} 14. Bxd4 {[%emt 0:00:57]} exd4 {[%emt 0:00:01]} 15. Ne4 {[%emt 0:00:03]} b6 {[%emt 0:00:30]} 16. a3 {[%emt 0:00:16]} Rac8 {[%emt 0:01:17]} 17. Re1 {[%emt 0:00:21]} a5 {[%emt 0:01:24]} 18. Rc4 {[%emt 0:00:12]} f5 {[%emt 0:04:15]} 19. Nd2 {[%emt 0:00:03]} Qd6 {[%emt 0:00:05]} 20. Rc2 {[%emt 0:04:22]} Ne5 {[%emt 0:00:11]} 21. Nc4 {[%emt 0:00:00]} Nxc4 {[%emt 0:00:51]} 22. dxc4 {[%emt 0:00:03]} Qxa3 {[%emt 0:00:32]} 23. Qxd4 {[%emt 0:01:15]} Qxb3 {[%emt 0:01:01]} 24. Rb2 {[%emt 0:01:12]} Qa3 {[%emt 0:00:49]} 25. c5 {[%emt 0:00:39]} bxc5 {[%emt 0:00:32]} 26. Qc4+ {[%emt 0:00:00]} Kh8 {[%emt 0:00:42]} 27. Rb7 {[%emt 0:00:02]} Be6 {[%emt 0:00:42]} 28. Bd5 {[%emt 0:00:02]} Bxd5 {[%emt 0:00:02]} 29. Qxd5 {[%emt 0:00:01]} Qc3 {[%emt 0:00:01]} 30. Rbb1 {[%emt 0:01:13]} Qe5 {[%emt 0:00:41]} 31. Qc6 {[%emt 0:00:37]} Ra8 {[%emt 0:00:41]} 32. Rbc1 {[%emt 0:00:15]} Qd6 {[%emt 0:00:19]} 33. Qxc5 {[%emt 0:00:07]} Qxc5 {[%emt 0:00:09]} 34. Rxc5 {[%emt 0:00:00]} a4 {[%emt 0:00:10]} 35. Rxc7 {[%emt 0:00:20]} a3 {[%emt 0:00:03]} 36. Rc2 {[%emt 0:00:03]} Rec8 {[%emt 0:00:18]} 37. Ra2 {[%emt 0:00:00]} Rc3 {[%emt 0:00:10]} 38. Rb1 {[%emt 0:00:33]} Ra5 {[%emt 0:00:11]} 39. h4 {[%emt 0:00:17]} Kh7 {[%emt 0:00:10]} 40. Rb6 {[%emt 0:00:14]} h5 {[%emt 0:00:08]} 41. Kg2 {[%emt 0:00:07]} 1/2-1/2

[Event "FIDE World Cup 2019"]
[Site "Khanty-Mansiysk"]
[Date "2019.10.04"]
[Round "7.8"]
[White "Radjabov, Teimour"]
[Black "Ding, Liren"]
[Result "1/2-1/2"]
[WhiteElo "2758"]
[BlackElo "2811"]
[Annotator "RC"]
[PlyCount "60"]
[EventDate "2019.09.07"]
[EventType "k.o."]
[EventCountry "RUS"]
[SourceTitle "playchess.com"]
[Source "ChessBase"]
[SourceQuality "1"]
[TimeControl "600+10"]

1. Nf3 d5 2. d4 {[%emt 0:00:00]} Nf6 {[%emt 0:00:00]} 3. c4 {[%emt 0:00:00]} e6 {[%emt 0:00:00]} 4. Nc3 {[%emt 0:00:00]} c5 {[%emt 0:00:00]} 5. e3 {[%emt 0:00:00]} dxc4 {[%emt 0:00:07]} 6. Bxc4 {[%emt 0:00:00]} a6 {[%emt 0:00:01]} 7. O-O {[%emt 0:00:08]} b5 {[%emt 0:00:02]} 8. Be2 {[%emt 0:00:01]} Nbd7 {[%emt 0:00:09]} 9. d5 {[%emt 0:00:13]} exd5 {[%emt 0:00:01]} 10. Nxd5 Bb7 11. Nxf6+ {[%emt 0:00:10]} Qxf6 {[%emt 0:00:02]} 12. a4 {[%emt 0:00:02]} b4 {[%emt 0:00:00]} 13. e4 {[%emt 0:00:09]} h6 {[%emt 0:00:13]} 14. Qc2 {[%emt 0:00:18]} Bd6 {[%emt 0:00:12]} 15. Be3 {[%emt 0:01:27]} O-O {[%emt 0:00:03]} 16. Nd2 {[%emt 0:00:20]} Bf4 {[%emt 0:01:02]} 17. Bxf4 {[%emt 0:00:58]} Qxf4 {[%emt 0:00:02]} 18. f3 {[%emt 0:00:03]} Rfd8 {[%emt 0:01:28]} 19. Nc4 {[%emt 0:01:00]} Ne5 {[%emt 0:00:01]} 20. Nxe5 {[%emt 0:03:21]} Qxe5 {[%emt 0:00:10]} 21. Rac1 {[%emt 0:00:09]} Rac8 {[%emt 0:00:59]} 22. Bc4 {[%emt 0:00:14]} a5 {[%emt 0:00:24]} 23. Rfd1 {[%emt 0:00:32]} Rd4 {[%emt 0:00:07]} 24. b3 {[%emt 0:00:36]} Rcd8 {[%emt 0:00:02]} 25. Rxd4 {[%emt 0:00:24]} cxd4 {[%emt 0:01:13]} 26. Qd3 {[%emt 0:00:34]} h5 {[%emt 0:00:37]} 27. Rd1 {[%emt 0:00:22]} Rd7 {[%emt 0:01:00]} 28. Bb5 {[%emt 0:00:04]} Rd8 {[%emt 0:00:07]} 29. Bc4 {[%emt 0:00:01]} Rd7 {[%emt 0:00:34]} 30. Bb5 {[%emt 0:00:02]} Rd8 {[%emt 0:00:03]} 1/2-1/2

[Event "FIDE World Cup 2019"]
[Site "Khanty-Mansiysk"]
[Date "2019.10.04"]
[Round "7.9"]
[White "Ding, Liren"]
[Black "Radjabov, Teimour"]
[Result "0-1"]
[WhiteElo "2811"]
[BlackElo "2758"]
[Annotator "TA"]
[PlyCount "150"]
[EventDate "2019.09.07"]
[EventType "k.o."]
[EventCountry "RUS"]
[SourceTitle "playchess.com"]
[Source "ChessBase"]
[SourceQuality "1"]

{[%evp 18,152,19,12,14,12,12,12,13,12,14,12,17,17,17,12,13,8,8,8,8,11,19,13,25,23,24,22,21,14,9,0,0,-8,-6,-18,-4,-4,14,13,7,11,11,9,7,8,18,11,37,37,37,37,64,0,0,0,0,0,0,0,0,0,0,0,0,0,0,0,0,0,0,0,0,0,0,0,0,0,0,0,0,0,0,-8,-8,-8,-8,-72,-72,-72,-72,-198,-116,-116,-116,-116,-41,-4158,-2106,-6095,-4236,-29969,-299,-29976,-29978,-29978,-29979,-29979,-29980,-29975,-29976,-29976,-29977,-29977,-29978,-29978,-29978,-29977,-29979,-29979,-29980,-29980,-29981,-29981,-29982,-29984,-29985,-29985,-29985,-29991,-29992,-29995,-29996,-29996,-29997,-29997,-5509]} 1. Nf3 Nf6 2. g3 d5 3. Bg2 e6 4. O-O Be7 5. d4 O-O 6. c4 dxc4 7. Qc2 a6 8. a4 Bd7 9. Qxc4 Bc6 10. Bf4 Bd6 {E05: Open Catalan: 5 Nf3 Be7} 11. Qc1 Nbd7 12. Re1 Qe7 {The position is equal.} 13. Nc3 Bxf3 14. Bxf3 Bxf4 15. Qxf4 c6 16. a5 {[#]} Rad8 $146 ({Predecessor:} 16... e5 17. Qe3 Rfe8 18. d5 {½-½ (35) Ding,L (2777)-Leko,P (2691) Riadh 2017}) 17. Red1 e5 18. Qe3 Rfe8 19. d5 e4 20. Bg2 cxd5 21. Nxd5 Nxd5 22. Rxd5 Nf6 23. Rxd8 Rxd8 24. h3 Qb4 25. b3 h5 26. Kh2 Rd5 27. Qf4 Rxa5 28. Rxa5 Qxa5 29. Qb8+ Kh7 {aiming for ...Qb5.} 30. Qxb7 {[%mdl 64] Double Attack} Qf5 31. Kg1 e3 32. fxe3 Qe6 33. Kf2 Qf5+ 34. Qf3 Qe6 35. e4 ({White should try} 35. b4 $14) 35... g6 $11 36. Kg1 Nd7 37. Qc3 Ne5 38. b4 Qd6 39. Kf2 Nc6 (39... Qb6+ {seems wilder.} 40. Qc5 Qf6+ 41. Bf3 h4 42. gxh4 Qxh4+ 43. Kg2 Qg5+) 40. Qc5 Qd4+ 41. Qxd4 Nxd4 {[%mdl 4096] Endgame KB-KN} 42. e5 {Strongly threatening Be4.} Nc2 $1 43. Bd5 Kg7 44. e6 fxe6 45. Bxe6 Nxb4 46. Ke3 Kf6 47. Bd7 Ke5 48. Be8 Nd5+ 49. Kd3 Ne7 50. Kc4 a5 51. Kc5 Kf6 52. Kb5 (52. g4 $11 {remains equal.}) 52... Nf5 $17 53. Kxa5 Nxg3 54. Bb5 (54. e3 $17) 54... g5 (54... h4 $19 55. Kb4 Ne4) 55. Kb4 Ke5 {And now ...Kd4 would win.} 56. Kc3 Kf4 (56... Ne4+ $1 $17 57. Kd3 Nf2+ 58. Ke3 Nxh3) 57. Kd2 $2 {[%mdl 8192]} (57. Kd4 $15) 57... Ne4+ $19 58. Ke1 {[#]} Kg3 $1 {[%cal Rg3h3]} 59. Bd7 h4 $2 (59... Nf2 {mates} 60. Kf1 h4 61. e3 Nxh3 62. e4 Nf4 63. e5 h3 64. Bc8 h2 65. Bb7 Nd3 66. e6 {[#]} Nc5 $1 {[%mdl 576] Double Attack} 67. e7 Nxb7 68. e8=Q h1=Q+ 69. Ke2 Qf3+ 70. Kd2 Kg2 71. Qd7 g4 72. Kc1 Nc5 73. Qg7 g3 74. Qb2+ Qf2 75. Qg7 Qa2 76. Kd1 Ne4 77. Qd7 Nc3+ 78. Kc1 Qb1+ 79. Kd2 Qd1+ 80. Kxc3 Qxd7 81. Kb4 Kf1 82. Kc4 g2 83. Kc3 g1=Q 84. Kb3 Qe3+ 85. Kc4 Qed4+ 86. Kb3 Q7a4#) 60. e3 $2 (60. Bf5 $19 Nf2 61. e4 Nxh3 62. e5) 60... Nf2 {Black mates.} 61. Kf1 Nxh3 62. e4 Nf4 63. e5 h3 64. Bc6 h2 65. Bb7 g4 66. Bc6 Kh3 67. Bb7 g3 68. Bc8+ Kh4 {[%cal Rh2h1]} 69. Bb7 Kg5 70. Be4 Kg4 71. e6 Nxe6 72. Kg2 Nf4+ 73. Kh1 Nh3 74. Bf3+ Kf4 75. Kg2 Nf2 0-1

[Event "FIDE World Cup 2019"]
[Site "Khanty-Mansiysk"]
[Date "2019.10.04"]
[Round "7.10"]
[White "Radjabov, Teimour"]
[Black "Ding, Liren"]
[Result "1-0"]
[WhiteElo "2758"]
[BlackElo "2811"]
[Annotator "ChessBase"]
[PlyCount "91"]
[EventDate "2019.09.07"]
[EventType "k.o."]
[EventCountry "RUS"]
[SourceTitle "playchess.com"]
[Source "ChessBase"]
[SourceQuality "1"]
[TimeControl "300+3"]

1. e4 {[%emt 0:00:00]} c5 {[%emt 0:00:00]} 2. Nf3 {[%emt 0:00:00]} d6 {[%emt 0:00:00]} 3. d4 {[%emt 0:00:00]} cxd4 {[%emt 0:00:00]} 4. Nxd4 {[%emt 0:00:01]} Nf6 {[%emt 0:00:00]} 5. Nc3 {[%emt 0:00:01]} Nc6 {[%emt 0:00:01]} 6. Be2 {[%emt 0:00:13]} e5 {[%emt 0:00:02]} 7. Nb3 {[%emt 0:00:13]} Be7 {[%emt 0:00:03]} 8. Bg5 {[%emt 0:00:05]} O-O {[%emt 0:00:06]} 9. Bxf6 {[%emt 0:00:10]} Bxf6 {[%emt 0:00:01]} 10. Nd5 {[%emt 0:00:03]} Bg5 {[%emt 0:00:00]} 11. Bg4 {[%emt 0:00:17]} Be6 {[%emt 0:00:09]} 12. O-O {[%emt 0:00:06]} g6 {[%emt 0:00:06]} 13. Bxe6 {[%emt 0:00:43]} fxe6 {[%emt 0:00:01]} 14. Nc3 {[%emt 0:00:16]} Qe7 {[%emt 0:00:23]} 15. Qd3 {[%emt 0:00:01]} Rad8 {[%emt 0:00:08]} 16. Rad1 {[%emt 0:00:01]} a6 {[%emt 0:00:06]} 17. a3 {[%emt 0:00:04]} Kg7 {[%emt 0:00:06]} 18. Qg3 {[%emt 0:00:16]} h5 {[%emt 0:00:04]} 19. Ne2 {[%emt 0:00:26]} d5 {[%emt 0:00:01]} 20. Qc3 {[%emt 0:00:33]} Rf6 {[%emt 0:00:47]} 21. Qc5 {[%emt 0:00:03]} Qf7 {[%emt 0:00:01]} 22. c3 {[%emt 0:00:14]} h4 {[%emt 0:01:13]} 23. h3 {[%emt 0:00:01]} Rd7 {[%emt 0:00:12]} 24. Qb6 {[%emt 0:00:09]} Re7 {[%emt 0:00:56]} 25. Nc5 {[%emt 0:00:04]} Kh7 {[%emt 0:00:57]} 26. b4 {[%emt 0:00:48]} d4 {[%emt 0:00:31]} 27. Nd3 {[%emt 0:00:37]} Rd7 {[%emt 0:00:14]} 28. Qc5 {[%emt 0:00:09]} dxc3 {[%emt 0:00:03]} 29. Qxc3 {[%emt 0:00:01]} Bh6 {[%emt 0:00:06]} 30. a4 {[%emt 0:00:11]} Nd4 {[%emt 0:00:06]} 31. Nxd4 {[%emt 0:00:02]} exd4 {[%emt 0:00:01]} 32. Qc4 {[%emt 0:00:04]} Qe7 {[%emt 0:00:07]} 33. Ne5 {[%emt 0:00:02]} Rc7 {[%emt 0:00:04]} 34. Qxd4 {[%emt 0:00:02]} Bf4 {[%emt 0:00:00]} 35. Ng4 {[%emt 0:00:05]} Rf7 {[%emt 0:00:01]} 36. e5 {[%emt 0:00:01]} Rf5 {[%emt 0:00:04]} 37. b5 {[%emt 0:00:05]} axb5 {[%emt 0:00:01]} 38. axb5 {[%emt 0:00:00]} g5 {[%emt 0:00:05]} 39. b6 {[%emt 0:00:03]} Rc6 {[%emt 0:00:03]} 40. Qe4 {[%emt 0:00:13]} Rxb6 {[%emt 0:00:03]} 41. Rd7 {[%emt 0:00:02]} Qxd7 {[%emt 0:00:06]} 42. Nf6+ {[%emt 0:00:00]} Kg7 {[%emt 0:00:02]} 43. Nxd7 {[%emt 0:00:03]} Rb5 {[%emt 0:00:01]} 44. Qc4 {[%emt 0:00:04]} Rd5 {[%emt 0:00:02]} 45. Nc5 {[%emt 0:00:06]} Rfxe5 {[%emt 0:00:04]} 46. Nxe6+ {[%emt 0:00:01]} 1-0